00239nam a2200097Ia 4500008004100000082001200041100001700053245003300070260001800103600002000121241002s9999 xx 000 0 und d a520 DAV aDavidson, M. 3aAn Easy outline of astronomy aLondon:c1946 aNatural Science